Statistics for Sydney Airport Destinations (Sydney, Australia)

Click here to take the quiz!

General Stats

  • This quiz has been taken 49 times
  • The average score is 54 of 94

Answer Stats

AirlineDestination% Correct
Garuda Indonesia/QantasJakarta (Soekarno-Hatta)
97%
Jetstar/Qantas/Virgin AustraliaAdelaide
95%
Air New Zealand/AirAsia X/Jetstar/LATAM Chile/QantasAuckland
95%
EmiratesDubai (International)
95%
Air New Zealand/QantasWellington
95%
Etihad AirwaysAbu Dhabi
92%
Jetstar/Qantas/Rex Airlines/Virgin AustraliaBrisbane
92%
Air New Zealand/Emirates/QantasChristchurch
92%
Qatar AirlinesDoha
92%
China Eastern AirlinesShanghai (Pudong)
92%
Qantas/Thai AirAsia X/Thai Airways InternationalBangkok (Suvarnabhumi)
89%
Air ChinaBeijing (Capital)
89%
Air IndiaDelhi
89%
Vietnam AirlinesHanoi
89%
British Airways/QantasLondon (Heathrow)
89%
American Airlines/Delta Air Lines/Qantas/United AirlinesLos Angeles
89%
Jetstar/Qantas/Rex Airlines/Virgin AustraliaMelbourne
89%
All Nippon Airways/Japan Airlines/QantasTokyo (Haneda)
89%
Jetstar/Qantas/Virgin AustraliaDarwin
87%
Batik Air/Batik Air Malaysia/Garuda Indonesia/Jetstar/Qantas/Virgin AustraliaDenpasar
87%
Cathay Pacific/QantasHong Kong
87%
Cebu Pacific/Philippine Airlines/QantasManila
87%
Jetstar/Qantas/Virgin AustraliaPerth
87%
Asiana Airlines/Jetstar/Korean Air/Qantas/T'way AirSeoul (Incheon)
87%
British Airways/Qantas/Scoot/Singapore AirlinesSingapore
87%
AirAsia X/Batik Air Malaysia/Malaysia AirlinesKuala Lumpur (International)
84%
Bamboo Airways/Jetstar/VietJet Air/Vietnam AirlinesHo Chi Minh City
82%
Air NiuginiPort Moresby
82%
Qantas/United AirlinesSan Francisco
82%
LATAM Chile/QantasSantiago de Chile
82%
Air Canada/QantasVancouver
82%
Link Airways/QantasLinkCanberra
79%
China Southern AirlinesGuangzhou
79%
Jetstar/Qantas/QantasLink/Virgin AustraliaHobart
79%
Hawaiian Airlines/Jetstar/QantasHonolulu
79%
China AirlinesTaipei (Taoyuan)
79%
Tianjin AirlinesTianjin
79%
Jetstar/Qantas/Virgin AustraliaCairns
76%
SriLankan AirlinesColombo (Bandaranaike)
76%
Jetstar/Qantas/QantasLink/Rex Airlines/Virgin AustraliaGold Coast
76%
XiamenAirXiamen
74%
QantasAlice Springs
71%
QantasDallas/Fort Worth
71%
United AirlinesHouston (Intercontinental)
68%
JetstarPhuket
68%
Air New Zealand/Jetstar/Qantas/Virgin AustraliaQueenstown
68%
QantasNew York (JFK)
66%
Jetstar/QantasLink/Virgin AustraliaTownsville
66%
Fiji Airways/Jetstar/Qantas/Virgin AustraliaNadi
63%
QantasJohannesburg (O.R.Tambo)
61%
Jetstar/Qantas/QantasLink/Virgin AustraliaSunshine Coast
58%
XiamenAirFuzhou
50%
Jetstar/QantasLink/Virgin AustraliaLaunceston
50%
Air VanuatuPort Vila
50%
Qantas/Virgin AustraliaApia (Faleolo)
47%
Beijing Capital AirlinesQingdao
47%
Aircalin/QantasNoumea
45%
QantasLink/Rex AirlinesDubbo
42%
QantasLink/Rex AirlinesWagga Wagga
42%
Jetstar/QantasAyers Rock
39%
QantasLink/Rex AirlinesBroken Hill
39%
QantasNuku'alofa
39%
QantasLink/Rex AirlinesPort Macquarie
39%
Tianjin AirlinesZhengzhou
39%
QantasLinkBendigo
37%
QantasLink/Rex AirlinesOrange
37%
QantasLink/Rex AirlinesAlbury
34%
QantasLink/Rex AirlinesCoffs Harbour
32%
JetstarAvalon
29%
Jetstar/QantasLink/Virgin AustraliaBallina
26%
QantasLinkMildura
26%
QantasBangalore
24%
QantasLinkLord Howe Island
24%
QantasNorfolk Island
24%
JetstarRarotonga
24%
QantasLinkToowoomba
24%
QantasLink/Rex AirlinesArmidale
21%
FlyPelicanBathurst
21%
QantasLink/Rex AirlinesGriffith
21%
Link Airways/QantasLinkTamworth
21%
Jetstar/Qantas/Virgin AustraliaHamilton Island
18%
QantasLink/Rex AirlinesMerimbula
18%
FlyPelicanMudgee
18%
Rex AirlinesNarrandera
18%
Rex AirlinesParkes
18%
QantasLinkCooma
16%
JetstarHervey Bay
16%
Rex AirlinesMoruya
16%
JetstarProserpine
16%
FlyPelicanCobar
13%
QantasLinkMoree
13%
Link AirwaysNarrabri
13%
FlyPelicanTaree
13%
Link AirwaysInverell
5%

Score Distribution

Percentile by Number Answered

Percent of People with Each Score

Your Score History

You have not taken this quiz